|
|
|
|
| LEADER |
01049nam a22002417a 4500 |
| 001 |
AAL7323 |
| 003 |
BD-DhAAL |
| 005 |
20160313160922.0 |
| 008 |
160313s 2004bg ||||| b||| 00| 0 ben d |
| 020 |
|
|
|a 9844103975
|
| 040 |
|
|
|a BD-DhAAL
|c BD-DhAAL
|
| 082 |
|
|
|a 330.122
|
| 245 |
|
|
|a বিশ্বায়ন :
|b সংকট ও সম্ভাবনা /
|c সম্পাদনা মাসুদুজ্জামান ফেরদৌস হোসেন
|
| 260 |
|
|
|a ঢাকা :
|b মাওলা ব্রাদার্স,
|c ২০০৪
|
| 300 |
|
|
|a ২০২ পৃ. ;
|c ২২ সে.মি.
|
| 504 |
|
|
|6 Includes bibliography
|
| 541 |
|
|
|e 7323
|
| 650 |
|
|
|a Capitalism
|9 18467
|
| 700 |
|
|
|a হোসেন, মাসুদুজ্জামান ফেরদৌস
|9 18468
|
| 852 |
|
|
|a Savar Campus Library
|c General Shelf
|
| 942 |
|
|
|2 ddc
|c BK
|
| 999 |
|
|
|c 37093
|d 37093
|
| 952 |
|
|
|0 0
|1 0
|2 ddc
|4 0
|6 330_122000000000000_BIS
|7 0
|9 58350
|a SCL
|b SCL
|c GEN
|d 2016-03-13
|g 175.00
|l 2
|o 330.122 BIS
|p 3020007323
|r 2024-04-01
|s 2024-03-30
|t 1
|w 2016-03-13
|y BK
|